[Event "RUS-ch Silent"]
[Site "Zelenograd"]
[Date "2017.09.20"]
[Round "2"]
[White "Oorzhak, Aldar"]
[Black "Tikhonov, Anatoly"]
[Result "0-1"]
[WhiteElo "1853"]
[BlackElo "2011"]
[PlyCount "49"]
[EventDate "2017.09.19"]
[EventType "swiss"]
[EventRounds "11"]
[EventCountry "RUS"]
[SourceTitle "EXT 2019"]
[Source "ChessBase"]
[SourceDate "2018.10.10"]
[SourceVersion "1"]
[SourceVersionDate "2018.10.10"]
[SourceQuality "1"]

1. d4 Nf6 2. Nf3 e6 3. e3 c5 4. Bd3 Nc6 5. c3 d5 6. Nbd2 Qc7 7. 0-0 b6 8. e4 cxd4 9. cxd4 dxe4 10. Nxe4 Nd5 11. a3 Bb7 12. Bd2 Bd6 13. Nxd6+ Qxd6 14. b4 0-0 15. b5 Nce7 16. Ng5 Nf6 17. Bb4 Qd7 18. Re1 Rfd8 19. a4 Ng6 20. Bc4 Nf4 21. g3 Qxd4 22. Qb3 N4d5 23. Nf3 Qg4 24. Ne5 Qh5 25. Be2 0-1

[Event "RUS-ch Silent"]
[Site "Zelenograd"]
[Date "2015.06.03"]
[Round "3"]
[White "Tikhonov, Anatoly"]
[Black "Shajakhmetov, Linat"]
[Result "0-1"]
[WhiteElo "2007"]
[BlackElo "2113"]
[PlyCount "102"]
[EventDate "2015.06.02"]
[EventType "swiss"]
[EventRounds "11"]
[EventCountry "RUS"]
[SourceTitle "EXT 2018"]
[Source "ChessBase"]
[SourceDate "2017.10.13"]
[SourceVersion "1"]
[SourceVersionDate "2017.10.13"]
[SourceQuality "1"]

1. e4 d6 2. d4 Nf6 3. Nc3 e5 4. Nf3 Nbd7 5. Be2 Be7 6. 0-0 0-0 7. h3 c6 8. Be3 Qc7 9. Qd2 b5 10. a3 a6 11. Bg5 h6 12. Bh4 Re8 13. dxe5 dxe5 14. Rfe1 Nf8 15. Rad1 Rd8 16. Qe3 Be6 17. Bg3 N6d7 18. Rd2 f6 19. Nh4 Bc5 20. Qf3 Nb6 21. Red1 Rxd2 22. Rxd2 Rd8 23. Rxd8 Qxd8 24. Qd3 Qxd3 25. Bxd3 g6 26. Kf1 Nc4 27. Nd1 Kf7 28. Nf3 a5 29. Ke2 Nd7 30. Nd2 Nxd2 31. Kxd2 f5 32. f4 exf4 33. Bxf4 h5 34. exf5 Bxf5 35. Bxf5 gxf5 36. Ne3 Ke6 37. Nf1 Nf6 38. Bc7 Ne4+ 39. Ke2 a4 40. Ng3 Nxg3+ 41. Bxg3 Bd4 42. c3 Be5 43. Bxe5 Kxe5 44. h4 Ke4 45. g3 c5 46. Kf2 f4 47. Kg2 f3+ 48. Kf2 c4 49. Kf1 Ke3 50. Ke1 f2+ 51. Kf1 Kf3 0-1

[Event "RUS-ch Silent"]
[Site "Zelenograd"]
[Date "2013.10.02"]
[Round "11"]
[White "Bakurov, Viacheslav"]
[Black "Tikhonov, Anatoly"]
[Result "0-1"]
[WhiteElo "1910"]
[BlackElo "2034"]
[PlyCount "82"]
[EventDate "2013.09.22"]
[EventType "swiss"]
[EventRounds "11"]
[EventCountry "RUS"]
[SourceTitle "EXT 2016"]
[Source "ChessBase"]
[SourceDate "2015.10.08"]
[SourceVersion "1"]
[SourceVersionDate "2015.10.08"]
[SourceQuality "1"]

1. e4 c5 2. c3 d5 3. exd5 Qxd5 4. Nf3 Nf6 5. Na3 a6 6. d4 e6 7. Nc4 Nbd7 8. Ne3 Qc6 9. Bd3 Be7 10. 0-0 0-0 11. Bd2 b5 12. Rc1 c4 13. Bb1 Bb7 14. Qc2 g6 15. Rcd1 Ne4 16. Bc1 f5 17. Ne1 Ndf6 18. f3 Nd6 19. Qf2 f4 20. N3c2 Nd5 21. Qe2 Bc8 22. Nb4 Nxb4 23. cxb4 Qd5 24. Be4 Nxe4 25. fxe4 Qd6 26. a3 e5 27. dxe5 Qxe5 28. Nf3 Bg4 29. h3 Bxf3 30. Rxf3 Rad8 31. Rxd8 Bxd8 32. Rf1 Bb6+ 33. Kh1 Bc7 34. Qf3 g5 35. Rd1 Rd8 36. Rxd8+ Bxd8 37. Kg1 Bb6+ 38. Kf1 Qd4 39. Ke2 h5 40. g4 Qg1 41. Bd2 h4 0-1

[Event "RUS-ch Silent"]
[Site "Zelenograd"]
[Date "2013.09.29"]
[Round "8"]
[White "Tikhonov, Anatoly"]
[Black "Rylov, Vjacheslav"]
[Result "0-1"]
[WhiteElo "2034"]
[BlackElo "1976"]
[PlyCount "96"]
[EventDate "2013.09.22"]
[EventType "swiss"]
[EventRounds "11"]
[EventCountry "RUS"]
[SourceTitle "EXT 2016"]
[Source "ChessBase"]
[SourceDate "2015.10.08"]
[SourceVersion "1"]
[SourceVersionDate "2015.10.08"]
[SourceQuality "1"]

1. e4 c5 2. Nf3 d6 3. d4 cxd4 4. Nxd4 g6 5. f4 Bg7 6. Nc3 a6 7. Be2 Nd7 8. Be3 Ngf6 9. 0-0 0-0 10. Bf3 Qc7 11. a4 Nb8 12. f5 e5 13. fxe6 fxe6 14. Qd2 Nc6 15. Nxc6 bxc6 16. Rad1 Ne8 17. Bd4 e5 18. Be3 Be6 19. b3 Qb7 20. a5 Rf7 21. Bb6 Rd7 22. Qe2 Nf6 23. Na4 Bf8 24. h3 Be7 25. Be3 Rf8 26. Nb6 Rdd8 27. c4 Rf7 28. Rd2 d5 29. cxd5 cxd5 30. exd5 e4 31. dxe6 Rff8 32. Nd7 Nxd7 33. exd7 exf3 34. Rxf3 Rxf3 35. Qxf3 Qxb3 36. Qe4 Qb4 37. Qd5+ Kg7 38. Bd4+ Kh6 39. Be3+ Kg7 40. Rf2 Qe1+ 41. Kh2 Qxe3 42. Rf7+ Kh6 43. Rf3 Qc5 44. Qd2+ Bg5 45. Qd1 Qc7+ 46. g3 Rxd7 47. Rd3 Rxd3 48. Qxd3 Qxa5 0-1

[Event "RUS-ch Silent"]
[Site "Zelenograd"]
[Date "2013.09.27"]
[Round "6"]
[White "Tikhonov, Anatoly"]
[Black "Skorobogatykh, Andrey"]
[Result "1/2-1/2"]
[WhiteElo "2034"]
[BlackElo "1987"]
[PlyCount "100"]
[EventDate "2013.09.22"]
[EventType "swiss"]
[EventRounds "11"]
[EventCountry "RUS"]
[SourceTitle "EXT 2016"]
[Source "ChessBase"]
[SourceDate "2015.10.08"]
[SourceVersion "1"]
[SourceVersionDate "2015.10.08"]
[SourceQuality "1"]

1. e4 c5 2. Nf3 a6 3. d4 cxd4 4. Nxd4 Nf6 5. Nc3 e5 6. Nb3 Bb4 7. Bg5 h6 8. Bxf6 Qxf6 9. Qd3 Nc6 10. a3 Bxc3+ 11. Qxc3 0-0 12. Qg3 d6 13. Bc4 Be6 14. Bxe6 fxe6 15. 0-0 d5 16. exd5 exd5 17. Rad1 d4 18. Nc5 Qf7 19. Ne4 Rad8 20. Rd2 Qd5 21. Re1 Rf4 22. Qd3 Rdf8 23. c4 Qf7 24. b4 b6 25. f3 Qg6 26. Nf2 e4 27. fxe4 Rf3 28. Qc2 Ne5 29. Kh1 Nd3 30. Rf1 Rxf2 31. Rdxf2 Nxf2+ 32. Rxf2 Rxf2 33. Qxf2 Qxe4 34. Kg1 d3 35. Kf1 Qxc4 36. Qd2 Qe4 37. Kf2 b5 38. Qe3 Qc4 39. Kf3 Qf7+ 40. Ke4 Qg6+ 41. Kf3 Qf5+ 42. Kg3 Kh7 43. h4 h5 44. Kh2 Qd5 45. Qd2 Qe4 46. Kg1 g6 47. g3 Qf3 48. Qf2 Qd1+ 49. Kg2 Qc2 50. Kf3 Qd1+ 1/2-1/2

[Event "RUS-ch Silent"]
[Site "Zelenograd"]
[Date "2012.10.26"]
[Round "9"]
[White "Mansursky, Shevket"]
[Black "Tikhonov, Anatoly"]
[Result "0-1"]
[WhiteElo "1723"]
[BlackElo "2040"]
[PlyCount "82"]
[EventDate "2012.10.18"]
[EventType "swiss"]
[EventRounds "9"]
[EventCountry "RUS"]
[SourceTitle "EXT 2022"]
[Source "ChessBase"]
[SourceDate "2021.10.06"]
[SourceVersion "1"]
[SourceVersionDate "2021.10.06"]
[SourceQuality "1"]

1. d4 Nf6 2. c4 d5 3. Nf3 c6 4. Qc2 e6 5. e3 Nbd7 6. Bd3 Bd6 7. Nc3 0-0 8. 0-0 Re8 9. b3 dxc4 10. bxc4 e5 11. Bb2 exd4 12. exd4 Nf8 13. Bf5 Ng6 14. Rfe1 Bxf5 15. Qxf5 Qd7 16. Qxd7 Nxd7 17. c5 Bc7 18. g3 Nf6 19. Kf1 Ba5 20. Nd2 Ne7 21. Nc4 Bc7 22. Re2 Ned5 23. Rae1 Rxe2 24. Rxe2 Rd8 25. Ne3 Kf8 26. Nexd5 Nxd5 27. Nxd5 Rxd5 28. h4 f6 29. Ke1 Kf7 30. Kd2 b6 31. Ba3 Be5 32. cxb6 axb6 33. Kc2 Bxd4 34. Re7+ Kg6 35. g4 h5 36. f3 Ra5 37. Kb3 Rxa3+ 38. Kc4 Ra4+ 39. Kd3 hxg4 40. fxg4 Bc5 41. Rd7 Rxg4 0-1

[Event "Zelenograd"]
[Site "Zelenograd"]
[Date "2007.03.02"]
[Round "9"]
[White "Gerasimov, Aleksander"]
[Black "Tikhonov, Anatoly"]
[Result "1/2-1/2"]
[WhiteElo "2274"]
[BlackElo "2168"]
[PlyCount "26"]
[EventDate "2007.02.22"]
[EventType "tourn"]
[EventRounds "10"]
[EventCountry "RUS"]
[SourceTitle "EXT 2010"]
[Source "ChessBase"]
[SourceDate "2010.11.25"]
[SourceVersion "1"]
[SourceVersionDate "2010.11.25"]
[SourceQuality "1"]

1. c4 e6 2. g3 d5 3. Bg2 Nf6 4. Nf3 Be7 5. d4 0-0 6. Nc3 dxc4 7. Ne5 Nc6 8. Bxc6 bxc6 9. Nxc6 Qe8 10. Nxe7+ Qxe7 11. Qa4 c5 12. Qxc4 cxd4 13. Qxd4 e5 1/2-1/2

[Event "Zelenograd"]
[Site "Zelenograd"]
[Date "2007.02.25"]
[Round "4"]
[White "Tikhonov, Anatoly"]
[Black "Gerasimov, Aleksander"]
[Result "1/2-1/2"]
[WhiteElo "2168"]
[BlackElo "2274"]
[PlyCount "26"]
[EventDate "2007.02.22"]
[EventType "tourn"]
[EventRounds "10"]
[EventCountry "RUS"]
[SourceTitle "EXT 2010"]
[Source "ChessBase"]
[SourceDate "2010.11.25"]
[SourceVersion "1"]
[SourceVersionDate "2010.11.25"]
[SourceQuality "1"]

1. d4 d5 2. c4 c6 3. Nf3 Nf6 4. Nc3 e6 5. e3 Nbd7 6. Bd3 dxc4 7. Bxc4 b5 8. Bd3 a6 9. 0-0 Bb7 10. Qe2 c5 11. a3 Be7 12. Rd1 cxd4 13. exd4 0-0 1/2-1/2

[Event "Moscow-C"]
[Site "Moscow"]
[Date "2007.02.10"]
[Round "10"]
[White "Tikhonov, Anatoly"]
[Black "Chesnokov, Veniamin"]
[Result "1-0"]
[WhiteElo "2168"]
[BlackElo "1961"]
[PlyCount "57"]
[EventDate "2007.02.01"]
[EventType "tourn"]
[EventRounds "10"]
[EventCountry "RUS"]
[SourceTitle "EXT 2010"]
[Source "ChessBase"]
[SourceDate "2010.11.25"]
[SourceVersion "1"]
[SourceVersionDate "2010.11.25"]
[SourceQuality "1"]

1. e4 e5 2. Nf3 Nc6 3. Bb5 f5 4. Qe2 fxe4 5. Qxe4 Nf6 6. Qe2 Bd6 7. d4 e4 8. c3 Qe7 9. Nh4 0-0 10. Nf5 Qe8 11. Bc4+ Kh8 12. Nxd6 cxd6 13. Bf4 d5 14. Bb3 d6 15. Bxd6 Bg4 16. Qe3 Ne7 17. 0-0 Nf5 18. Qf4 Nxd6 19. Qxd6 Rd8 20. Qg3 Qf7 21. Nd2 h6 22. f3 exf3 23. Nxf3 Bf5 24. Nh4 Be4 25. Rae1 g5 26. Rxe4 gxh4 27. Qxh4 Qg7 28. Ref4 Rd6 29. Bxd5 1-0